| 000 | 00340nam a2200133Ia 4500 | ||
|---|---|---|---|
| 008 | 240624s9999 xx 000 0 und d | ||
| 041 | _aeng | ||
| 082 | _a303.3 FOR | ||
| 100 | _aFORSYTH PATRICK | ||
| 245 | _aMAKING MEETINGS WORK | ||
| 260 |
_c2000 _aHyderabad _bUniversities Press (India) Pvt. |
||
| 300 | _a72p. ; 20cm. | ||
| 365 |
_cRS _b25 |
||
| 999 |
_c19634 _d19634 |
||